Battleships of the United States Navy- Level 2 - Statistics

General Stats
  • This quiz has been taken 116 times
  • The average score is 49 of 71
Answer Stats
Fate Hull Number Answer % Correct
Sunk as target, then Scrapped BB-1 USS Indiana
86%
Sunk at Pearl Harbor, now a memorial BB-39 USS Arizona
82%
Scrapped BB-45 USS Colorado
82%
Preserved as Museum BB-61 USS Iowa
82%
Preserved as Museum BB-63 USS Missouri
82%
Preserved as Museum BB-62 USS New Jersey
82%
Sunk as target BB-34 USS New York
82%
Preserved as museum BB-35 USS Texas
82%
Preserved as Museum BB-60 USS Alabama
79%
Scrapped BB-58 USS Indiana
79%
Scrapped BB-5 USS Kearsarge
79%
Never Completed, scrapped BB-66 USS Kentucky
79%
Scrapped BB-46 USS Maryland
79%
Preserved as Museum BB-59 USS Massachusetts
79%
Sunk as target BB-36 USS Nevada
79%
Scrapped BB-40 USS New Mexico
79%
Preserved as Museum BB-55 USS North Carolina
79%
Scrapped BB-3 USS Oregon
79%
Sunk as target BB-38 USS Pennsylvania
79%
Scrapped BB-57 USS South Dakota
79%
Scrapped BB-43 USS Tennessee
79%
Scrapped BB-56 USS Washington
79%
Preserved as Museum BB-64 USS Wisconsin
79%
Sunk in Operation Crossroads BB-33 USS Arkansas
75%
Scrapped BB-44 USS California
75%
Sunk as target BB-2 USS Massachusetts
75%
Scrapped BB-41 USS Mississippi
75%
never built BB-67 USS Montana
75%
Sunk at Pear Harbor, raised, sunk at sea BB-37 USS Oklahoma
75%
Converted to target ship AG-16, sunk at Pearl Harbor BB-31 USS Utah
75%
Scrapped BB-48 USS West Virginia
75%
Scrapped BB-32 USS Wyoming
75%
Partially built, never completed, sunk as target BB-47 USS Washington
71%
Scrapped BB-30 USS Florida
68%
Scrapped BB-42 USS Idaho
68%
Never completed, scrapped BB-65 USS Illinois
68%
Sunk as Target BB-4 USS Iowa
68%
Scrapped BB-27 USS Michigan
68%
Scrapped BB-29 USS North Dakota
68%
Scrapped BB-26 USS South Carolina
68%
partially built, cancelled, scrapped BB-49 USS South Dakota
68%
Scrapped BB-20 USS Vermont
68%
Sold to Greece, sunk in WWII, scrapped BB-24 USS Idaho
64%
never built BB-71 USS Louisiana
64%
Sold to Greece, sunk in WWII, scrapped BB-23 USS Mississippi
64%
Scrapped BB-18 USS Connecticut
61%
Scrapped BB-28 USS Delaware
61%
partially built, cancelled, scrapped BB-50 USS Indiana
61%
partially built, cancelled, scrapped BB-53 USS Iowa
61%
Scrapped BB-6 USS Kentucky
61%
Scrapped BB-10 USS Maine
61%
partially built, cancelled, scrapped BB-54 USS Massachusetts
61%
Scrapped BB-22 USS Minnesota
61%
Scrapped BB-25 USS New Hampshire
61%
Scrapped BB-12 USS Ohio
61%
never built BB-68 USS Ohio
61%
Sunk as target BB-13 USS Virginia
61%
Scrapped BB-15 USS Georgia
57%
never built BB-69 USS Maine
57%
partially built, cancelled, scrapped BB-51 USS Montana
57%
never built BB-70 USS New Hampshire
57%
partially built, cancelled, scrapped BB-52 USS North Carolina
57%
Scrapped BB-17 USS Rhode Island
57%
Sunk as target, then scrapped BB-8 USS Alabama
54%
Scrapped BB-7 USS Illinois
54%
Sunk as target BB-16 USS New Jersey
54%
Scrapped BB-21 USS Kansas
50%
Scrapped BB-19 USS Louisiana
50%
Scrapped BB-11 USS Missouri
50%
Scrapped BB-14 USS Nebraska
50%
Scrapped BB-9 USS Wisconsin
50%
No matching quizzes found
Score Distribution
Percent of People with Each Score
Percentile by Number Answered
Your Score History
You have not taken this quiz